000 nam a22 a 4500
999 _c386268
_d386268
003 BLK
005 20201007040945.0
008 200311b bul|||||r ||||||| ||bul||
010 _aKNG00085521RET
040 _aBLK
041 _aBUL
_cBUL
080 _aАрабска литература. Подразделя се с помощта на общите определители на място (5/6)
_b821.411.21
_x-1
_z821.411.21-1
100 _aДаруиш, Махмуд
_eпърви автор
_91299
139 _aДаруиш, Махмуд
245 1 0 _aПаспорт
_b[Сб. стихотворения]
_cМахмуд Даруиш; Подб. Славян Русчуклиев; Прев. от араб. Мая Цолова; Прев. от араб. Хамид Даруиш.
257 _aBGR
260 _aСофия
_bНар. култура
_c1988
_fВраца : В. Александров
_9209547
_n954-04-
300 _a127 с.
_c17 см
380 _aX
490 _aПоетичен глобус
_9205129
500 _aОриг. загл. на араб. ез Без тир 0,61 лв
700 _aРусчуклиев, Славян
_eподб.
_9878
700 _aЦолова, Мая
_eпрев. от араб.
_91034
700 _aДаруиш, Хамид
_eпрев. от араб.
_91034
852 _aЦб I 23871
_bЦб
856 4 _qpdf
_u
942 _cKNG
_n0
_s1
944 _aCR
_c2020-08-28
_kРенета Константинова
999 _d419913